| 000 | 00511nam a2200133Ia 4500 | ||
|---|---|---|---|
| 008 | 170516s9999 xx 000 0 und d | ||
| 245 | _aPassive Posterior Tibial Subluxation on Routine Knee MRI as a Secondary Sign of PCL Tear, Andrew J. Degnan, Catherine Maldjian, Richard J. Adam, and Christopher D. Harner | ||
| 260 | _bRadiology Research and Practice | ||
| 260 | _c2014 | ||
| 300 | _a: | ||
| 650 | _xRadiologic Technology | ||
| 650 | _xRadtech | ||
| 856 | _uhttps://www.hindawi.com/journals/rrp/contents/2/ | ||
| 999 |
_c332699 _d332699 |
||